| 000 | 00453nam a2200181Ia 4500 | ||
|---|---|---|---|
| 008 | 090123s9999 xx 000 0 und d | ||
| 082 | _b41404 | ||
| 100 | _aSWAMI CHINMAYANAND | ||
| 245 | _aCHINMAYA BALA VIHAR-| | ||
| 250 | _a0 | ||
| 260 | _bSENTRAL CHINMAY MISSION TRUST | ||
| 300 | _a94 | ||
| 600 | _aSWAMI CHINMAYANAND | ||
| 630 | _aCHINMAYA BALA VIHAR-| | ||
| 700 | _aSWAMI CHINMAYANAND | ||
| 730 | _aCHINMAYA BALA VIHAR-| | ||
| 942 | _cBOOK | ||
| 999 |
_c79479 _d79479 |
||